[Event "Titled Tue 1st Jul Early"]
[Site "chess.com INT"]
[Date "2025.07.01"]
[Round "1"]
[White "Lebedev, Artem S."]
[Black "Gutman, Gennadi"]
[Result "1-0"]
[WhiteTitle "CM"]
[BlackTitle "GM"]
[WhiteElo "2198"]
[BlackElo "2445"]
[WhiteFideId "34272747"]
[BlackFideId "14102277"]
[EventDate "2025.07.01"]

1. e4 c5 2. Nf3 e6 3. d4 cxd4 4. Nxd4 a6 5. Bd3 d6 6. c4 Nc6 7. Be3 Nf6 8. Nc3
Be7 9. O-O Ne5 10. Be2 Qc7 11. Rc1 O-O 12. b3 b6 13. f4 Ng6 14. Bd3 Bb7 15. f5
Ne5 16. fxe6 Nfg4 17. exf7+ Rxf7 18. Rxf7 Kxf7 19. Qe2 Kg8 20. Nd5 Bxd5 21. cxd5
Qd8 22. Ne6 Qe8 23. Bf4 b5 24. h3 Nf6 25. Nc7 Qb8 26. Nxa8 Qxa8 27. Qc2 Nfd7 28.
Qc8+ Qxc8 29. Rxc8+ Kf7 30. Be2 Ng6 31. Bh5 Nf8 32. Ra8 Kf6 33. Bxg6 Nxg6 34. g3
h5 35. Rxa6 h4 36. Bxd6 hxg3 37. Bxe7+ Kxe7 38. Rxg6 Kf7 39. Rxg3 1-0

[Event "Titled Tue 1st Jul Early"]
[Site "chess.com INT"]
[Date "2025.07.01"]
[Round "1"]
[White "Yushko, Olga"]
[Black "Ghoreishi Amiri, Seyed Kian"]
[Result "1/2-1/2"]
[WhiteTitle "WFM"]
[BlackTitle "CM"]
[WhiteElo "2033"]
[BlackElo "2215"]
[WhiteFideId "14114500"]
[BlackFideId "36757527"]
[EventDate "2025.07.01"]

1. d4 d5 2. c4 e6 3. cxd5 exd5 4. Nc3 c6 5. Bf4 Bd6 6. Bxd6 Qxd6 7. e3 Ne7 8.
Bd3 Bf5 9. Nge2 O-O 10. Qc2 Bxd3 11. Qxd3 Nd7 12. O-O Nf6 13. Ng3 Rfe8 14. Rfe1
a5 15. Na4 Nd7 16. Rac1 Rac8 17. Red1 g6 18. f3 h5 19. e4 h4 20. Nf1 dxe4 21.
fxe4 Rcd8 22. Qb3 b5 23. Nc5 Nxc5 24. Rxc5 Qf6 25. d5 cxd5 26. exd5 Qb6 27. Qxb5
Qd6 28. Qxa5 Nf5 29. Rc6 Qxc6 30. dxc6 Rxd1 31. Kf2 Rc1 32. Qa4 Ree1 33. Nd2
Red1 34. Nf3 h3 35. gxh3 Rd6 36. Ne5 Rd2+ 37. Kf3 Rf1+ 38. Ke4 Re1+ 39. Kf3 Re3+
40. Kf4 Rf2+ 41. Kg5 Rxe5 42. c7 Nd4+ 43. Kg4 Re4+ 44. Kg3 Rf3+ 45. Kg2 Re2+ 46.
Kg1 Re1+ 47. Kg2 Re2+ 48. Kg1 Re1+ 49. Kg2 Re2+ 1/2-1/2

[Event "Titled Tue 1st Jul Early"]
[Site "chess.com INT"]
[Date "2025.07.01"]
[Round "1"]
[White "Smirnov, Alexandr A."]
[Black "Jandric, Damjan"]
[Result "1-0"]
[WhiteTitle "FM"]
[BlackTitle "CM"]
[WhiteElo "2136"]
[BlackElo "2179"]
[WhiteFideId "24104396"]
[BlackFideId "921475"]
[EventDate "2025.07.01"]

1. e4 c6 2. d4 d5 3. exd5 cxd5 4. Bd3 Nf6 5. h3 g6 6. Nf3 Bf5 7. O-O Bxd3 8.
Qxd3 Bg7 9. Re1 O-O 10. c3 Nc6 11. Bf4 e6 12. Nbd2 a6 13. Nb3 Nd7 14. a4 Re8 15.
a5 Rc8 16. h4 e5 17. dxe5 Ndxe5 18. Nxe5 Nxe5 19. Bxe5 Bxe5 20. g3 Qc7 21. Kg2
Rcd8 22. Rad1 Qc6 23. Nd4 Qc7 24. Re2 Bxd4 25. Rxe8+ Rxe8 26. Qxd4 Qxa5 27. h5
Re4 28. Qf6 Re6 29. Qg5 Qc5 30. Rxd5 Qc6 31. c4 Rd6 32. h6 Rxd5 33. cxd5 Qd7 34.
f3 Qd6 35. Qc1 Kf8 36. Qc8+ Ke7 37. Qxb7+ Kf6 38. Qc6 Qxc6 39. dxc6 Ke6 40. f4
Kd6 41. Kf3 f5 42. g4 Kxc6 43. gxf5 gxf5 44. Kg3 Kc5 45. Kh4 Kb4 46. Kg5 Kb3 47.
Kxf5 Kxb2 48. Ke4 a5 49. f5 a4 50. f6 a3 51. f7 a2 52. f8=Q a1=Q 53. Qf6+ Kb1
54. Qxa1+ Kxa1 55. Kf5 Kb2 56. Kf6 Kc3 57. Kg7 Kd4 58. Kxh7 Ke5 59. Kg7 1-0

[Event "Titled Tue 1st Jul Early"]
[Site "chess.com INT"]
[Date "2025.07.01"]
[Round "1"]
[White "Yaksin, Oleg"]
[Black "Troltenier, Dirk"]
[Result "1-0"]
[WhiteTitle "FM"]
[BlackTitle "FM"]
[WhiteElo "2393"]
[BlackElo "2174"]
[WhiteFideId "24105880"]
[BlackFideId "4606400"]
[EventDate "2025.07.01"]

1. Nf3 d5 2. g3 Nf6 3. Bg2 c5 4. O-O Nc6 5. d4 e6 6. c4 Be7 7. cxd5 exd5 8. Nc3
O-O 9. dxc5 Bxc5 10. Bg5 d4 11. Bxf6 Qxf6 12. Nd5 Qd8 13. Nd2 a6 14. Rc1 Ba7 15.
Re1 Re8 16. Nc4 Be6 17. Nf4 Bf5 18. Qb3 Rb8 19. Qa3 Be4 20. Nd6 Bxg2 21. Nxe8
Be4 22. Nd6 Qe7 23. Nxe4 Qxe4 24. Qd6 Rd8 25. Qc7 Rb8 26. f3 Qe8 27. Kg2 h6 28.
a3 a5 29. Rc4 Ne5 30. Rcc1 g5 31. Nd5 Qe6 32. Qxa5 Nc6 33. Rxc6 bxc6 34. Qxa7
Rxb2 35. Qxd4 Rxe2+ 36. Rxe2 Qxe2+ 37. Qf2 Qe6 38. Ne3 c5 39. Qd2 Qc4 40. Nxc4 1-0

[Event "Titled Tue 1st Jul Early"]
[Site "chess.com INT"]
[Date "2025.07.01"]
[Round "1"]
[White "Zepeda Berlanga, Jan Enrique"]
[Black "Sahakyan, Aleks"]
[Result "0-1"]
[WhiteTitle "CM"]
[BlackTitle "IM"]
[WhiteElo "2011"]
[BlackElo "2405"]
[WhiteFideId "5132355"]
[BlackFideId "13316338"]
[EventDate "2025.07.01"]

1. e4 c5 2. Nf3 d6 3. d4 cxd4 4. Nxd4 Nf6 5. Nc3 a6 6. Be3 Ng4 7. Bg5 h6 8. Bh4
g5 9. Bg3 Bg7 10. h3 Ne5 11. Qd2 Nbc6 12. O-O-O Nxd4 13. Qxd4 Be6 14. Kb1 Rc8
15. f4 gxf4 16. Bxf4 Qa5 17. Nd5 Bxd5 18. exd5 O-O 19. Qe4 Qc7 20. c3 b5 21.
Bxe5 Bxe5 22. Bd3 f5 23. Qh4 Rf6 24. Rhf1 b4 25. Qxb4 Rb8 26. Qa3 Bxc3 27. Rc1
Bxb2 28. Rxc7 Bxa3+ 29. Kc2 f4 30. Rxe7 Rb2+ 31. Kc3 Rxg2 32. Rfe1 Bb2+ 33. Kb3
Be5 34. Rc1 Rf8 35. Rcc7 f3 36. Rh7 f2 37. Bf1 Rg1 38. Rxh6 Rf3+ 39. Kc4 Rxf1
40. Rg6+ Kf8 41. Re6 Rc1+ 42. Kb4 Rxc7 0-1

[Event "Titled Tue 1st Jul Early"]
[Site "chess.com INT"]
[Date "2025.07.01"]
[Round "1"]
[White "Wong, Yinn Long"]
[Black "Liu, Zachary Hankun"]
[Result "1-0"]
[WhiteTitle "FM"]
[WhiteElo "2300"]
[BlackElo "2067"]
[WhiteFideId "5707684"]
[BlackFideId "2640287"]
[EventDate "2025.07.01"]

1. d4 Nf6 2. c4 e6 3. Nc3 c5 4. d5 exd5 5. cxd5 d6 6. Bf4 g6 7. e3 Bg7 8. Nf3
O-O 9. h3 Na6 10. Nd2 Nc7 11. Nc4 Nfe8 12. a4 a6 13. a5 Nb5 14. Na4 f5 15. Nab6
Rb8 16. h4 Nf6 17. Be2 Qe7 18. h5 Re8 19. hxg6 hxg6 20. Bg5 Qf7 21. Bf4 Qe7 22.
Nd2 Ne4 23. Qc2 g5 24. Bh2 Nxf2 25. Rf1 Qxe3 26. Rxf2 Nd4 27. Qd1 f4 28. Nbc4
Qe7 29. Kf1 Bf5 30. Nf3 Bc2 31. Qd2 Be4 32. Re1 Nb3 33. Qd1 Nd4 34. Bd3 Bxd3+
35. Qxd3 Qf7 36. Nxd4 Bxd4 37. Rfe2 Rxe2 38. Qxe2 g4 39. Qxg4+ Kf8 40. Nxd6 Qxd5
41. Qxf4+ Kg8 42. Nf5 Rf8 43. Ne7+ 1-0

[Event "Titled Tue 1st Jul Early"]
[Site "chess.com INT"]
[Date "2025.07.01"]
[Round "1"]
[White "Alvarado Diaz, Alejandro"]
[Black "Sovetbekova, Nurai"]
[Result "0-1"]
[WhiteTitle "IM"]
[BlackTitle "WFM"]
[WhiteElo "2484"]
[BlackElo "2007"]
[WhiteFideId "2276119"]
[BlackFideId "13801910"]
[EventDate "2025.07.01"]

1. e4 c5 2. Nc3 Nc6 3. Bb5 Nd4 4. Nf3 g6 5. O-O Bg7 6. Nxd4 cxd4 7. Ne2 e6 8. d3
Ne7 9. Qe1 a6 10. Ba4 b5 11. Bb3 d5 12. f3 dxe4 13. fxe4 O-O 14. a4 Bb7 15. axb5
axb5 16. Rxa8 Qxa8 17. Qb4 Nc6 18. Qxb5 Ne5 19. h3 Ba6 20. Qa4 Nc6 21. Bd2 Qb7
22. Ra1 Bb5 23. Qa3 Rb8 24. Qc5 Bf8 25. Qg5 Bxd3 26. Nf4 Bxe4 27. Nh5 Be7 28.
Nf6+ Bxf6 29. Qxf6 Qe7 30. Qf4 Bf5 31. Ra6 e5 32. Qh6 Nb4 33. Bxb4 Qxb4 34. Ra7
Rf8 35. Qh4 Qb6 36. Re7 d3+ 37. Kh2 dxc2 38. Qc4 Be6 0-1

[Event "Titled Tue 1st Jul Early"]
[Site "chess.com INT"]
[Date "2025.07.01"]
[Round "1"]
[White "Emeliantsev, Anatoliy"]
[Black "Atoyan, Alberto"]
[Result "0-1"]
[WhiteTitle "FM"]
[BlackTitle "CM"]
[WhiteElo "2359"]
[BlackElo "2302"]
[WhiteFideId "4160681"]
[BlackFideId "13314831"]
[EventDate "2025.07.01"]

1. d4 Nf6 2. c4 g6 3. Nc3 Bg7 4. e4 d6 5. f3 O-O 6. Be3 Nc6 7. Bd3 a6 8. Nge2
Rb8 9. Qd2 e5 10. d5 Ne7 11. O-O-O Bd7 12. Rdg1 c5 13. g4 h5 14. Bg5 hxg4 15.
Bxf6 Bxf6 16. fxg4 Bh4 17. Qh6 Nxd5 18. Nxd5 Bg5+ 19. Qxg5 Qxg5+ 20. Kb1 Be6 21.
h4 Qd8 22. Nec3 b5 23. g5 b4 24. Nf6+ Kg7 25. Ncd5 Rh8 26. h5 Bxd5 27. exd5 gxh5
28. Nxh5+ Kf8 29. Nf6 Rxh1 30. Rxh1 Ke7 31. Rh7 Qf8 32. Bg6 a5 33. Bh5 Rb7 34.
Ne4 Kd8 35. g6 fxg6 36. Rxb7 Qf1+ 37. Kc2 Qxc4+ 38. Kb1 Qxe4+ 39. Kc1 gxh5 0-1

[Event "Titled Tue 1st Jul Early"]
[Site "chess.com INT"]
[Date "2025.07.01"]
[Round "1"]
[White "Nugumanov, Bakhtiyar"]
[Black "Gharibyan, Mamikon"]
[Result "1-0"]
[WhiteTitle "IM"]
[BlackTitle "GM"]
[WhiteElo "2305"]
[BlackElo "2495"]
[WhiteFideId "13701797"]
[BlackFideId "13308300"]
[EventDate "2025.07.01"]

1. e4 c5 2. Nf3 Nc6 3. d4 cxd4 4. Nxd4 Qb6 5. Nb5 a6 6. Be3 Qd8 7. N5c3 Nf6 8.
f3 e6 9. Nd2 d5 10. exd5 exd5 11. Nb3 Bb4 12. Bd3 O-O 13. a3 Bd6 14. O-O Re8 15.
Bg5 h6 16. Bh4 d4 17. Ne4 Be7 18. Nxf6+ Bxf6 19. Bxf6 Qxf6 20. Be4 Rd8 21. Nc5
Ne5 22. b3 Ra7 23. Nd3 Nxd3 24. Bxd3 b6 25. Re1 Re7 26. Qd2 Rde8 27. Rxe7 Qxe7
28. b4 h5 29. Qf2 Qe3 30. Qxe3 dxe3 31. Re1 g5 32. c4 Kg7 33. c5 bxc5 34. bxc5
Kf6 35. c6 Re5 36. Be4 Ke7 37. Bd3 Kd6 38. Rc1 f5 39. Kf1 f4 40. Be4 Kc7 41. Ke2
a5 42. g3 Ba6+ 43. Ke1 Re6 44. Rc5 g4 45. gxf4 gxf3 46. Bxf3 Rf6 47. Rxa5 Kb6
48. Rxh5 Rxf4 49. Be2 Bxe2 50. Kxe2 Ra4 51. Kxe3 Rxa3+ 52. Kf4 Kxc6 53. Re5 Kd6
54. Re2 Ra4+ 55. Kg3 Ra3+ 56. Kh4 Ra4+ 57. Kg5 Ra5+ 58. Kg6 Re5 59. Rxe5 Kxe5
60. h4 Ke6 61. h5 Ke7 62. Kg7 Ke6 63. h6 Ke7 64. h7 1-0

[Event "Titled Tue 1st Jul Early"]
[Site "chess.com INT"]
[Date "2025.07.01"]
[Round "1"]
[White "Mende, Andreas"]
[Black "Omariev, Maksim"]
[Result "0-1"]
[WhiteTitle "CM"]
[BlackTitle "FM"]
[WhiteElo "2113"]
[BlackElo "2304"]
[WhiteFideId "4631102"]
[BlackFideId "4193423"]
[EventDate "2025.07.01"]

1. c4 e5 2. g3 Nc6 3. Nc3 Nf6 4. Bg2 Bc5 5. e3 O-O 6. Nf3 Re8 7. O-O d6 8. d4
Bb4 9. Qc2 Bxc3 10. Qxc3 Bf5 11. b4 Ne4 12. Qb3 Qd7 13. Nh4 exd4 14. b5 Na5 15.
Qa4 b6 16. exd4 Re7 17. Nxf5 Qxf5 18. Be3 Rae8 19. Rac1 h5 20. c5 dxc5 21. dxc5
h4 22. c6 h3 23. Bh1 Nd6 24. Bf4 Qxb5 25. Qxb5 Nxb5 26. Bd5 Nd4 27. Kh1 Ne2 28.
Be3 Nxc1 29. Rxc1 Rd8 30. Bf3 a6 31. Bg4 b5 32. Bxh3 Nc4 33. Bf4 f6 34. Bg2 g5
35. Be3 Nxe3 36. fxe3 Rxe3 37. Rf1 Kg7 38. Bh3 Rd2 39. Bd7 Ree2 40. Rc1 Rxh2+
41. Kg1 Rdg2+ 42. Kf1 Rxg3 43. Re1 Rh1+ 44. Kf2 Rxe1 45. Kxg3 Re2 46. a3 Re3+
47. Kg4 Rxa3 48. Kf5 Rd3 49. Ke6 Rd6+ 50. Ke7 b4 51. Kd8 b3 52. Kxc7 Rxc6+ 53.
Kxc6 b2 54. Bf5 g4 55. Kc5 g3 56. Be4 g2 57. Bxg2 b1=Q 58. Bd5 Qb5+ 59. Kd6 Qb6+
60. Ke7 a5 61. Be6 a4 0-1

[Event "Titled Tue 1st Jul Early"]
[Site "chess.com INT"]
[Date "2025.07.01"]
[Round "1"]
[White "Safarov, Deniel"]
[Black "Allahverdiyeva, Ayan"]
[Result "1-0"]
[WhiteTitle "FM"]
[BlackTitle "WIM"]
[WhiteElo "2318"]
[BlackElo "2234"]
[WhiteFideId "13619802"]
[BlackFideId "13412590"]
[EventDate "2025.07.01"]

1. e4 c5 2. Nf3 d6 3. d4 cxd4 4. Nxd4 Nf6 5. Nc3 a6 6. Bd3 e5 7. Nde2 Be7 8. Ng3
Be6 9. f4 exf4 10. Bxf4 Nc6 11. O-O O-O 12. Nd5 Ne5 13. Nxe7+ Qxe7 14. Bg5 Bg4
15. Be2 Bxe2 16. Qxe2 Ned7 17. Rae1 Qe5 18. Nf5 Rae8 19. Bf4 Qxe4 20. Qxe4 Rxe4
21. Nxd6 Rxe1 22. Rxe1 b5 23. Bg3 h6 24. c3 Nd5 25. Rd1 N7b6 26. Bf2 Rd8 27. Nb7
Rc8 28. Nc5 a5 29. Nd7 Rc6 30. Nxb6 Nxb6 31. Rd8+ Kh7 32. Rb8 b4 33. Rxb6 Rc4
34. h3 bxc3 35. bxc3 Rxc3 36. Rb5 Ra3 37. Rb2 Kg6 38. Kf1 Kf5 39. Ke2 g5 40. Rc2
h5 41. Be3 h4 42. Kf3 f6 43. Rb2 Ke6 44. Ke4 Ra4+ 45. Bd4 f5+ 46. Kd3 g4 47.
Re2+ Kd5 48. Re5+ Kd6 49. Rxf5 gxh3 50. gxh3 Ra3+ 51. Bc3 Rxa2 52. Rxa5 1-0

[Event "Titled Tue 1st Jul Early"]
[Site "chess.com INT"]
[Date "2025.07.01"]
[Round "1"]
[White "Craciun, Sasha-Matei"]
[Black "Viskelis, Darius"]
[Result "0-1"]
[WhiteTitle "FM"]
[BlackTitle "FM"]
[WhiteElo "2320"]
[BlackElo "2146"]
[WhiteFideId "1281186"]
[BlackFideId "12800830"]
[EventDate "2025.07.01"]

1. e4 e5 2. Nf3 Nf6 3. d4 Nxe4 4. Bd3 d5 5. Nxe5 Bd6 6. O-O O-O 7. Nd2 f5 8. f3
Bxe5 9. dxe5 Nc5 10. Re1 Nxd3 11. cxd3 Be6 12. f4 c5 13. a4 Nc6 14. Nf3 d4 15.
Ng5 Bd5 16. Bd2 b6 17. Re2 a5 18. Be1 Nb4 19. Bh4 Qe8 20. Rf2 h6 21. Nf3 Qh5 22.
Be7 Rfe8 23. Bd6 Ra7 24. Qd2 Rd7 25. h3 Kh7 26. Kh2 Rg8 27. Re1 Bc6 28. Rh1 Bxa4
29. Kg1 Bc6 30. Nh2 Nd5 31. g4 Qxh3 32. Rf3 Qh4 33. g5 Ne3 34. Nf1 Qg4+ 35. Rg3
Qxf4 36. g6+ Kh8 37. Nxe3 Qxg3+ 38. Kf1 dxe3 39. Qe2 Bxh1 40. e6 Rxd6 41. e7
Rxg6 42. d4 Bg2+ 43. Kg1 Bf3+ 44. Kf1 Bxe2+ 45. Kxe2 Qf2+ 46. Kd3 Qd2+ 47. Kc4
Qxd4+ 48. Kb5 Qd7+ 49. Ka6 b5+ 50. Kxa5 Ra8# 0-1

[Event "Titled Tue 1st Jul Early"]
[Site "chess.com INT"]
[Date "2025.07.01"]
[Round "1"]
[White "Sayce, Hannah"]
[Black "Erten, Kerem"]
[Result "0-1"]
[WhiteTitle "WCM"]
[BlackTitle "FM"]
[WhiteElo "1877"]
[BlackElo "2374"]
[WhiteFideId "3250695"]
[BlackFideId "34588221"]
[EventDate "2025.07.01"]

1. e4 e5 2. Nf3 Nc6 3. Bb5 Nf6 4. d3 d6 5. c3 Be7 6. O-O O-O 7. Re1 Bg4 8. Nbd2
h6 9. h3 Bh5 10. Nf1 a6 11. Ba4 b5 12. Bb3 Na5 13. Bc2 c5 14. Ng3 Bg6 15. Nh4
Re8 16. Nhf5 Bf8 17. a4 Nc6 18. Qe2 b4 19. cxb4 cxb4 20. Bd2 d5 21. Nh4 Bh7 22.
Nhf5 Rc8 23. Rac1 Qd7 24. Bb1 Na5 25. Rxc8 Qxc8 26. exd5 Bxf5 27. Nxf5 Qxf5 28.
d4 e4 29. Qxa6 Qxd5 30. Rc1 Qxd4 31. Qxa5 Qxd2 32. Re1 Qxb2 33. Rf1 Rc8 34. Qb5
Rc1 35. a5 Qxb1 36. a6 Rxf1+ 37. Qxf1 Qxf1+ 38. Kxf1 Bc5 39. Ke2 Ba7 40. f3
exf3+ 41. gxf3 Nd5 42. Kd3 Nc7 43. Kc4 Nxa6 44. Kb5 b3 45. f4 b2 46. Kxa6 b1=Q
47. f5 Qb6# 0-1

[Event "Titled Tue 1st Jul Early"]
[Site "chess.com INT"]
[Date "2025.07.01"]
[Round "1"]
[White "Gavarrete, Nahun"]
[Black "Aghaei, Alireza"]
[Result "1-0"]
[WhiteTitle "FM"]
[BlackTitle "CM"]
[WhiteElo "2281"]
[BlackElo "2204"]
[WhiteFideId "8400709"]
[BlackFideId "12509914"]
[EventDate "2025.07.01"]

1. e4 c6 2. d4 d5 3. e5 c5 4. c3 Nc6 5. Nf3 cxd4 6. cxd4 Bg4 7. Nc3 e6 8. Be3
Nge7 9. Qb3 Qb6 10. Rd1 Qxb3 11. axb3 a6 12. h3 Bh5 13. Bd3 Nb4 14. Bb1 Bg6 15.
Ke2 Nf5 16. g4 Nxe3 17. fxe3 Be7 18. h4 Kd7 19. h5 Bxb1 20. Rxb1 h6 21. e4 dxe4
22. Nxe4 Rhc8 23. Rbc1 Nd5 24. Nc3 Nf4+ 25. Ke3 Nd5+ 26. Nxd5 exd5 27. Kd3 Rxc1
28. Rxc1 Rc8 29. Rc3 Bb4 30. Rxc8 Kxc8 31. g5 Kd7 32. gxh6 gxh6 33. Nh4 Ke6 34.
Ke2 Be7 35. Nf3 Kf5 36. Ne1 Kg4 37. Nd3 Kxh5 38. Nf4+ Kg4 39. Nxd5 Bd8 40. Ne3+
Kf4 41. Ng2+ Kg3 42. Ne3 h5 43. d5 h4 44. Kf1 h3 45. Nf5+ Kf4 46. Nh6 Bb6 47.
Nxf7 h2 48. Kg2 Bg1 49. e6 1-0

[Event "Titled Tue 1st Jul Early"]
[Site "chess.com INT"]
[Date "2025.07.01"]
[Round "1"]
[White "Amangeldy, Ernur"]
[Black "Daroczi, Donat"]
[Result "1-0"]
[WhiteTitle "FM"]
[BlackTitle "FM"]
[WhiteElo "2195"]
[BlackElo "2101"]
[WhiteFideId "13720244"]
[BlackFideId "788376"]
[EventDate "2025.07.01"]

1. e4 Nf6 2. Nc3 d5 3. exd5 Nxd5 4. Nf3 Bg4 5. Bc4 e6 6. h3 Bh5 7. g4 Bg6 8. d4
Bb4 9. Bd2 Nxc3 10. bxc3 Bd6 11. O-O O-O 12. Qe2 c6 13. Rab1 b6 14. Ne5 Bxc2 15.
Rbc1 Bg6 16. f4 Qh4 17. Qf3 Bxe5 18. dxe5 Nd7 19. Qe3 Nc5 20. f5 exf5 21. Be1 f4
22. Rxf4 Qe7 23. h4 Rad8 24. Rd4 h5 25. gxh5 Bxh5 26. Bf2 Rde8 27. Re1 Ne6 28.
Rd6 Rd8 29. Qd3 Nf4 30. Qf5 Rxd6 31. exd6 Qxd6 32. Re3 Bg6 33. Qg5 Nd5 34. Re5
f6 35. Bxd5+ cxd5 36. Rxd5 fxg5 37. Rxd6 Bb1 38. hxg5 Bxa2 39. g6 Bb1 40. Bd4
Re8 41. Rd7 Bf5 42. Rxg7+ Kf8 43. Rf7+ Kg8 44. Rxf5 a5 45. Rh5 1-0

[Event "Titled Tue 1st Jul Early"]
[Site "chess.com INT"]
[Date "2025.07.01"]
[Round "1"]
[White "Khazan, Yevgeny"]
[Black "Grot, Blazej"]
[Result "0-1"]
[WhiteTitle "CM"]
[BlackTitle "CM"]
[WhiteElo "2135"]
[BlackElo "2207"]
[WhiteFideId "2806193"]
[BlackFideId "21835845"]
[EventDate "2025.07.01"]

1. d4 Nf6 2. c4 g6 3. Nc3 Bg7 4. e4 O-O 5. Be2 d6 6. h4 c5 7. d5 e6 8. h5 exd5
9. exd5 Re8 10. h6 Bh8 11. Bg5 Qa5 12. Qd2 Nbd7 13. Nf3 Qb6 14. O-O-O Ne4 15.
Nxe4 Rxe4 16. Bd3 Re8 17. Rhe1 Ne5 18. Nxe5 Rxe5 19. Bf4 Rxe1 20. Rxe1 Bd7 21.
Re7 Ba4 22. b3 Bf6 23. Re2 Bd7 24. Bg5 Qd8 25. Bxf6 Qxf6 26. Qe1 Kf8 27. Kc2 a5
28. a4 Ra6 29. g3 Rb6 30. f4 Ra6 31. Kb1 Ra8 32. Ka2 b6 33. Bc2 Re8 34. Rxe8+
Bxe8 35. Qe3 Bd7 36. Bd3 Qe7 37. Qxe7+ Kxe7 38. Be2 Kf6 39. g4 g5 40. Bd3 gxf4
41. Bxh7 Bxg4 42. Bd3 f3 43. Kb2 Bh3 44. h7 Kg7 45. Kc3 f2 46. Kd2 f1=Q 47. Bxf1
Bxf1 48. Ke3 Bh3 49. Kf4 Kxh7 50. Kg5 Kg7 0-1

[Event "Titled Tue 1st Jul Early"]
[Site "chess.com INT"]
[Date "2025.07.01"]
[Round "1"]
[White "Aarit Kapil"]
[Black "Predein, Vladimir"]
[Result "1-0"]
[WhiteTitle "CM"]
[BlackTitle "IM"]
[WhiteElo "2020"]
[BlackElo "2373"]
[WhiteFideId "33408947"]
[BlackFideId "4117786"]
[EventDate "2025.07.01"]

1. e4 c5 2. Nf3 d6 3. d4 cxd4 4. Nxd4 Nf6 5. Nc3 g6 6. Be3 Bg7 7. f3 O-O 8. Qd2
Nc6 9. g4 Be6 10. O-O-O Nxd4 11. Bxd4 Qa5 12. h4 Rac8 13. h5 b5 14. hxg6 fxg6
15. Qh2 Rf7 16. g5 Nh5 17. Bh3 Bxh3 18. Qxh3 Rcf8 19. Bxg7 Kxg7 20. Rd5 Rxf3 21.
Qe6 Qc7 22. Nxb5 Qa5 23. Nc3 Qc7 24. e5 Nf4 25. exd6 Nxe6 26. dxc7 Nxc7 27. Rd7
Ne8 28. Re1 R3f7 29. Rxa7 Nd6 30. Raxe7 Nf5 31. Rxf7+ Rxf7 32. Nd5 Ra7 33. a3 h5
34. gxh6+ Kxh6 35. Nf4 Kg5 36. Ne6+ Kf6 37. Nc5 g5 38. Ne4+ Kg6 39. Rg1 Re7 40.
Rxg5+ Kh6 41. Rxf5 Rxe4 42. Rf1 Re2 43. Rd1 Kg5 44. Rd3 Kf4 45. b3 Ke4 46. Kb2
Ke5 47. Kc3 Ke6 48. a4 Rh2 49. b4 1-0

[Event "Titled Tue 1st Jul Early"]
[Site "chess.com INT"]
[Date "2025.07.01"]
[Round "1"]
[White "Csonka, Balazs"]
[Black "Foldes, Marton Gabor"]
[Result "1-0"]
[WhiteTitle "IM"]
[BlackTitle "FM"]
[WhiteElo "2467"]
[BlackElo "2295"]
[WhiteFideId "742910"]
[BlackFideId "794708"]
[EventDate "2025.07.01"]

1. d4 Nf6 2. c4 c5 3. d5 b5 4. Qc2 e6 5. e4 d6 6. Nf3 bxc4 7. Bxc4 exd5 8. exd5
Be7 9. O-O O-O 10. Nc3 Nbd7 11. a4 Nb6 12. Ba2 Bg4 13. Nd2 Bh5 14. a5 Nbd7 15.
Nc4 Bg6 16. Qd1 Ne4 17. Bf4 Nxc3 18. bxc3 Nf6 19. Re1 Re8 20. a6 Be4 21. Ne3 Qa5
22. f3 Bg6 23. Qd2 Nh5 24. Nc4 Qxa6 25. Rxe7 Rxe7 26. Bxd6 Rd7 27. Bxc5 Rc8 28.
Qd4 Qb5 29. Bb4 Rxd5 30. Qxa7 Rd7 31. Qa5 Qb7 32. Nb6 Rd2 33. Nxc8 Nf4 34. Qc5
Rxg2+ 35. Kh1 h5 36. Qe3 h4 37. Ne7+ Kh7 38. Qxf4 Rxa2 39. Qxh4+ 1-0

[Event "Titled Tue 1st Jul Early"]
[Site "chess.com INT"]
[Date "2025.07.01"]
[Round "1"]
[White "Pragnya H G"]
[Black "Horobetz, Graham"]
[Result "0-1"]
[WhiteTitle "WFM"]
[WhiteElo "2119"]
[BlackElo "2241"]
[WhiteFideId "25609785"]
[BlackFideId "2047322"]
[EventDate "2025.07.01"]

1. e4 c5 2. Nf3 g6 3. d4 cxd4 4. Nxd4 Bg7 5. c4 Nc6 6. Be3 Nf6 7. Nc3 d6 8. Be2
O-O 9. O-O Nxd4 10. Bxd4 Bd7 11. f3 a5 12. Rc1 Bc6 13. b3 Nd7 14. a3 Nc5 15.
Bxg7 Kxg7 16. b4 axb4 17. axb4 Na4 18. b5 Qb6+ 19. Kh1 Nxc3 20. Rxc3 Be8 21. f4
Qc5 22. Qd5 Ra2 23. Bf3 Qxd5 24. exd5 Bd7 25. Re1 Re8 26. Rce3 Kf8 27. h3 b6 28.
R1e2 Rxe2 29. Bxe2 Ra8 30. Kg1 Ra2 31. Kf2 e6 32. dxe6 fxe6 33. Kf3 Ke7 34. Bd3
Bc8 35. f5 gxf5 36. Bxf5 Bb7+ 37. Be4 Bxe4+ 38. Rxe4 Rc2 39. g4 Kf6 40. h4 e5
41. g5+ Kf5 42. Ke3 Rc3+ 0-1

[Event "Titled Tue 1st Jul Early"]
[Site "chess.com INT"]
[Date "2025.07.01"]
[Round "1"]
[White "Lopez Rayo, Isabella"]
[Black "Bolacky, Jiri"]
[Result "1-0"]
[WhiteTitle "WFM"]
[WhiteElo "1998"]
[BlackElo "2121"]
[WhiteFideId "4452755"]
[BlackFideId "308706"]
[EventDate "2025.07.01"]

1. e4 e6 2. Nc3 d5 3. Nf3 Nf6 4. exd5 exd5 5. d4 Bb4 6. Bd3 O-O 7. O-O Bg4 8.
Bg5 c6 9. h3 Bh5 10. a3 Bd6 11. Be2 Nbd7 12. Nh4 Bxe2 13. Qxe2 Qb6 14. Nf5 Rae8
15. Qf3 Bb8 16. b4 Re6 17. g3 Rfe8 18. Na4 Qb5 19. Nc5 Ne4 20. Nxe6 fxe6 21.
Ne7+ Kh8 22. Qh5 Ndf6 23. Bxf6 Nxf6 24. Qf7 Bd6 25. Qxe6 Bxe7 26. Rae1 Qb6 27.
Qf7 Qd8 28. g4 Bd6 29. Rxe8+ Qxe8 30. Qxe8+ Nxe8 31. Re1 Nf6 32. g5 Ng8 33. Re8
g6 34. Rd8 Be7 35. Rd7 Bxg5 36. Rxb7 Bc1 37. Rxa7 Bb2 38. a4 Bxd4 39. Rc7 Bc3
40. b5 c5 41. b6 Ba5 42. Rc6 Ne7 43. Re6 Nc8 44. b7 1-0

[Event "Titled Tue 1st Jul Early"]
[Site "chess.com INT"]
[Date "2025.07.01"]
[Round "1"]
[White "Harriott, Tyrell"]
[Black "Tan, Zhongyi"]
[Result "0-1"]
[BlackTitle "GM"]
[WhiteElo "1933"]
[BlackElo "2527"]
[WhiteFideId "2086484"]
[BlackFideId "8603642"]
[EventDate "2025.07.01"]

1. d4 d5 2. e3 Nf6 3. Bd3 e6 4. f4 c5 5. c3 b6 6. Nf3 Bb7 7. O-O Nbd7 8. Nbd2 g6
9. Ne5 Bg7 10. Qf3 Rc8 11. Kh1 Rc7 12. Qh3 Ne4 13. Nxe4 dxe4 14. Bb5 Bc8 15. b3
O-O 16. Ba3 a6 17. Be2 Nf6 18. Rad1 Qe7 19. g4 Nd5 20. Rc1 f6 21. Nc4 b5 22. Na5
b4 23. Bb2 bxc3 24. Bxc3 Nxc3 25. Rxc3 cxd4 26. Rxc7 Qxc7 27. Nc4 d3 28. Bd1 f5
29. Rg1 a5 30. Qg2 Ba6 31. h4 Bxc4 32. bxc4 Qc5 33. Bb3 Qxe3 34. c5 Bd4 35.
Bxe6+ Kh8 36. Rf1 fxg4 37. c6 d2 38. c7 Qe1 39. Bxg4 Qxh4+ 40. Qh3 Qxh3+ 41.
Bxh3 e3 42. Bg4 Bb6 43. c8=Q Rxc8 44. Be2 Rc1 45. Bd1 Rxd1 46. Rxd1 e2 47. Rxd2
e1=Q+ 48. Kg2 Qxd2+ 49. Kf3 Qe3+ 50. Kg4 Kg7 51. a4 h5+ 52. Kh4 Bd8# 0-1